| 000 -ლიდერი |
| ფიქსირებული სიგრძის საკონტროლო ველი |
01889nam a2200253Ia 4500 |
| 001 - საკონტროლო ნომერი |
| საკონტროლო ველი |
18748 |
| 003 - საკონტროლო ნომრის იდენტიფიკატორი |
| საკონტროლო ველი |
GE_BSU |
| 005 - ბოლო ოპერაციის თარიღი და დრო |
| საკონტროლო ველი |
20210413114146.0 |
| 008 - ფიქსირებული სიგრძის მონაცემთა ელემენტები - ზოგადი ინფორმაცია |
| ფიქსირებული სიგრძის საკონტროლო ველი |
181216s2015||||ge |||||||||||||| ||geo|| |
| 040 ## - კატალოგიზაციის წყარო |
| Transcribing agency |
GE_BSU |
| 041 ## - ენის კოდი |
| Language code of text/sound track or separate title |
geo |
| 080 ## - უნივერსალური ათობითი კლასიფიკაციის ინდექსი |
| Universal Decimal Classification number |
61 კ-67 |
| 100 ## - მთავარი ჩანაწერი - პიროვნების სახელი |
| Personal name |
კოკაია, ნორა |
| 9 (RLIN) |
11260 |
| 245 ## - ცნობა სათაურის შესახებ |
| Title |
საქართველოში ვისცერული ლეიშმანიოზის მოლეკულური ეპიდემიოლოგია და კლინიკური მიმდინარეობის თავისებურებები თანამედროვე ეტაპზე / |
| Statement of responsibility, etc |
ნორა კოკაია ; სამეცნ. ხელმძღვ. ზენაიშვილი ოთარ ; თბილისის სახ. სამედისინო უნ-ტი. |
| 264 ## - წარმოების, გამოცემის, დისტრიბუციის და სხვა ცნობები |
| გამოცემის, წარმოების, დისტრიბუციის... ადგილი |
თბილისი : |
| გამოცემის, წარმოების, დისტრიბუციის... სახელწოდება |
თბილისის სახელმწ. სამედიცინო უნ-ტის გამ-ბა, |
| გამოცემის, წარმოების, დისტრიბუციის... თარიღი |
2015. |
| 300 ## - ფიზიკური აღწერა |
| Extent |
136 გვ. |
| Other physical details |
30 სმ. |
| 653 ## - INDEX TERM--UNCONTROLLED |
| Uncontrolled term |
დისერტაცია |
| 653 ## - INDEX TERM--UNCONTROLLED |
| Uncontrolled term |
ლეიშმანიოზის დაავადება საქართველოში |
| 653 ## - INDEX TERM--UNCONTROLLED |
| Uncontrolled term |
მედიცინა |
| 653 ## - INDEX TERM--UNCONTROLLED |
| Uncontrolled term |
საქართველოში ვისცერული ლეიშმანიოზის მოლეკულური ეპიდემიოლოგია და კლინიკური მიმდინარეობის თავისებურებები თანამედროვე ეტაპზე |
| 700 ## - ADDED ENTRY--PERSONAL NAME |
| Personal name |
ზენაიშვილი, ოთარ |
| Relator term |
სამეცნ. ხელმძღვანელი |
| 9 (RLIN) |
11261 |
| 710 ## - ADDED ENTRY--CORPORATE NAME |
| Corporate name or jurisdiction name as entry element |
თბილისის სახ. სამედისინო უნ-ტი |
| 9 (RLIN) |
11262 |
| 942 ## - ADDED ENTRY ELEMENTS (KOHA) |
| Koha item type |
წიგნი |
| Source of classification or shelving scheme |
|